¡Vamos a por todas! (Record no. 186522)

MARC details
000 -LEADER
campo de control de longitud fija 00864nam a2200229 i 4500
001 - NÚMERO DE CONTROL
campo de control 186522
003 - IDENTIFICADOR DE NÚMERO DE CONTROL
campo de control SpMaBN
005 - FECHA Y HORA DE LA ÚLTIMA TRANSACCIÓN
campo de control 20240209063125.0
008 - DATOS DE LONGITUD FIJA--INFORMACIÓN GENERAL
campo de control de longitud fija 161122s2002 sp |||| | spa d
020 ## - NÚMERO INTERNACIONAL ESTÁNDAR DEL LIBRO
Número Internacional Estándar del Libro 84-451-2244-4
080 ## - NÚMERO DE LA CLASIFICACIÓN DECIMAL UNIVERSAL
Número de la Clasificación Decimal Universal 821.134.2-23"19"
100 1# - ENTRADA PRINCIPAL--NOMBRE DE PERSONA
Nombre de persona Falcón, Lidia,
Fechas asociadas al nombre 1935-
9 (RLIN) 48707
245 11 - MENCIÓN DEL TÍTULO
Título ¡Vamos a por todas!
Resto del título : tragicomedia en dos partes y once cuadros /
Mención de responsabilidad, etc. Lidia Falcón O'Neill.
250 ## - MENCION DE EDICION
Mención de edición 1ª ed.
260 ## - PUBLICACIÓN, DISTRIBUCIÓN, ETC.
Lugar de publicación, distribución, etc. [Madrid] :
Nombre del editor, distribuidor, etc. Asociación de Autores de Teatro :
-- Consejería de las Artes de la Comunidad de Madrid,
Fecha de publicación, distribución, etc. [2002]
300 ## - DESCRIPCIÓN FÍSICA
Extensión 102 p. ;
Dimensiones 22 cm.
490 1# - MENCIÓN DE SERIE
Mención de serie Damos la palabra.
-- Textos ;
Designación de volumen o secuencia 23
710 2# - ENTRADA AGREGADA--NOMBRE DE ENTIDAD CORPORATIVA
Nombre de entidad corporativa o nombre de jurisdicción como elemento de entrada Asociación de Autores de Teatro.
9 (RLIN) 1565
830 0# - PUNTO DE ACCESO ADICIONAL DE SERIE-TÍTULO UNIFORME
Título uniforme Damos la palabra.
-- Textos ;
Designación de volumen o secuencia 23
9 (RLIN) 180281
852 ## - LOCALIZACIÓN
Ubicación ES-MaACL
Número de control de estantería L-30866
Nota libre . - Dedicatoria autógrafa de la autora
Holdings
Estatus retirado Estado de pérdida Fuente del sistema de clasificación o colocación Estado de daño No para préstamo Colección Biblioteca de origen Biblioteca actual Ubicación en estantería Fecha de adquisición Total de préstamos Signatura topográfica completa Código de barras Visto por última vez Precio de reemplazo Tipo de ítem Koha Nota pública
    Clasificación decimal universal     Libros con dedicatorias Biblioteca del Ateneo de Madrid Biblioteca del Ateneo de Madrid Depósito 2 22/11/2016   L-30866 1196689 23/02/2023 23/02/2023 Libro impreso Dedicatoria autógrafa del autor